| 000 | 01017nam a2200229 a 4500 | ||
|---|---|---|---|
| 005 | 20250331185258.0 | ||
| 008 | 100518s2009 ck a fr 000 0 spa d | ||
| 020 | _a9789589907207 | ||
| 040 |
_aCO-CtgCURN _bspa _ccoctgcurn |
||
| 082 | 0 | 4 |
_a658.562 _bH564h _221 |
| 245 | 0 | 0 |
_aHerramientas para implementar un sistema de gestión de calidad : _bbasado en la familia de normas ISO : dirigido a empresarios comprometidos con la competitividad y la generación de valor / _ced. Pedro Pablo Poveda Orjuela y Germán Cañón Zabala. |
| 250 | _aTercera edición. | ||
| 260 |
_aBogotá : _bIcontec, _c2009. |
||
| 300 | _eINCLUYE 1 CD-ROM. | ||
| 650 | 1 | 7 |
_aAdministración de la calidad _vNormas técnicas. _2LEMB |
| 650 | 1 | 7 |
_aAseguramiento de la calidad _vNormas técnicas. _2LEMB |
| 650 | 1 | 7 |
_aNormas técnicas. _2LEMB |
| 700 | 1 | _aPoveda Orjuela, Pedro Pablo. | |
| 700 | 1 | _aCañón Zabala, Germán. | |
| 942 |
_aMHC _bMHC _cBK _h658.562 _iH564h _2ddc |
||
| 999 |
_c25107 _d25107 |
||